Mathématiques pour l'élève professeur /

Guardado en:
Autor Principal: Glaeser, Georges, 1918-
Formato: Libro
Idioma:French
Publicado: Paris : Hermann, 1973, c1971.
Edición:2e. éd. revue et corr.
Series:Formation des enseignants
Actualités scientifiques et industrielles ; 1348 a
Etiquetas: Agregar Etiqueta
Sin Etiquetas, Sea el primero en etiquetar este registro!
LEADER 01061nam a22002055a 4500
001 MAT.inmabb002812
008 050920t19731971fr#a#####b####001#0#fre#d
005 20170609164522.0
245 1 0 |a Mathématiques pour l'élève professeur /  |c Georges Glaeser ; illustrations de J.-P. Descloseaux. 
250 |a 2e. éd. revue et corr. 
260 |a Paris :  |b Hermann,  |c 1973, c1971. 
300 |a 202 p. :  |b il. ;  |c 24 cm. 
440 0 |a Formation des enseignants 
440 0 |a Actualités scientifiques et industrielles ;  |v 1348 a 
521 8 |a "Cet ouvrage est destiné à la formation des professeurs de mathématiques du second degré; il se propose d'inciter l'élève-professeur à prendre conscience des divers aspects de son futur métier."--Préface. 
504 |a Bibliografía: p. 195-200. 
505 8 |a Capítulos: 0. L'activité mathématique -- 1. Le langage mathématique -- 2. Logique -- 3. Théorie des ensambles -- 4. Questions métriques et topologiques. 
020 |a 270561348X 
100 1 |a Glaeser, Georges,  |d 1918- 
859 |h 00A35  |i G542-2  |p A-5297  |b BIB. MATEMATICA